<?xml version="1.0" encoding="UTF-8"?><?xml-stylesheet type="text/xsl" href="static/style.xsl"?><OAI-PMH xmlns="http://www.openarchives.org/OAI/2.0/" xmlns:xsi="http://www.w3.org/2001/XMLSchema-instance" xsi:schemaLocation="http://www.openarchives.org/OAI/2.0/ http://www.openarchives.org/OAI/2.0/OAI-PMH.xsd"><responseDate>2026-04-14T09:05:25Z</responseDate><request verb="GetRecord" identifier="oai:www.recercat.cat:2445/125056" metadataPrefix="marc">https://recercat.cat/oai/request</request><GetRecord><record><header><identifier>oai:recercat.cat:2445/125056</identifier><datestamp>2025-12-05T10:19:56Z</datestamp><setSpec>com_2072_1057</setSpec><setSpec>col_2072_478917</setSpec><setSpec>col_2072_478927</setSpec></header><metadata><record xmlns="http://www.loc.gov/MARC21/slim" xmlns:dcterms="http://purl.org/dc/terms/" xmlns:xsi="http://www.w3.org/2001/XMLSchema-instance" xmlns:doc="http://www.lyncode.com/xoai" xsi:schemaLocation="http://www.loc.gov/MARC21/slim http://www.loc.gov/standards/marcxml/schema/MARC21slim.xsd">
   <leader>00925njm 22002777a 4500</leader>
   <datafield ind2=" " ind1=" " tag="042">
      <subfield code="a">dc</subfield>
   </datafield>
   <datafield ind2=" " ind1=" " tag="720">
      <subfield code="a">Subirà Pifarré, Carles</subfield>
      <subfield code="e">author</subfield>
   </datafield>
   <datafield ind2=" " ind1=" " tag="260">
      <subfield code="c">2018-10-04T11:40:42Z</subfield>
   </datafield>
   <datafield ind2=" " ind1=" " tag="260">
      <subfield code="c">2018-10-04T11:40:42Z</subfield>
   </datafield>
   <datafield ind2=" " ind1=" " tag="260">
      <subfield code="c">1991-11</subfield>
   </datafield>
   <datafield ind2=" " ind1=" " tag="260">
      <subfield code="c">2018-10-04T11:40:43Z</subfield>
   </datafield>
   <datafield ind2=" " ind1=" " tag="520">
      <subfield code="a">La técnica conservadora de blanqueo vital nocturno con peró­xido de carbamida al 10 por 100 ha captado la atención de gran parte de la profesión dental en todo el mundo. Ya en el año 1898 se rese­ña en la literatura el blanquea­miento dental como una opción de tratamiento estético (Burchar HH; A. Texbook ofDental Patho­logy and Therapeutics. Philadelp­hia, Lea and Febiger 1898). En 1937 se describe el blanqueamien­to de dientes vitales usando calor y un potente agente oxidante (Ames JW: removing stains from mottled enamel. J. Am Dent Assoc. 1937; 24: 1674-7). Desde entonces han ido apareciendo numerosas modi­ficaciones y mejoras en las técnicas de blanqueo vital. Aunque la efica­cia de estos tratamientos está más que probada, los procedimientos empleados son engorrosos (graba­dos ácidos del esmalte, agentes blanqueantes potentes y poten­cialmente caústicos y calor), y re­quieren múltiples visitas por pa­ciente, así como un relevante tiem­po de sillón...</subfield>
   </datafield>
   <datafield tag="653" ind2=" " ind1=" ">
      <subfield code="a">Odontologia estètica</subfield>
   </datafield>
   <datafield tag="653" ind2=" " ind1=" ">
      <subfield code="a">Esmalt dental</subfield>
   </datafield>
   <datafield tag="653" ind2=" " ind1=" ">
      <subfield code="a">Dental aesthetic</subfield>
   </datafield>
   <datafield tag="653" ind2=" " ind1=" ">
      <subfield code="a">Dental enamel</subfield>
   </datafield>
   <datafield ind2="0" ind1="0" tag="245">
      <subfield code="a">Blanqueamiento vital nocturno</subfield>
   </datafield>
</record></metadata></record></GetRecord></OAI-PMH>